Numizmatický katalóg československých a slovenských mincí (1918-2014)

Bibliographic Details
Main Author: Valovič, Stanislav (Author)
Format: Book
Language:Slovak
PhysicalDescription:194 s. fotogr., tab. 17 cm
Published: [Piešťany] AUNUM 2014
ISBN:9788097072544
Subjects:

MARC

LEADER 00000cam a2200000 a 4500
001 vtls010598911
003 SK-MaSNL
005 20260302083532.0
008 240315s2014 xo oa g 000 0 slo
015 |a SNBA2014/06 
020 |a 9788097072544  |q (brož.) 
035 |a 9AAB9623-6368-47F8-8017-81B35D62E781 
035 |a urn:nbn:sk:snk-amkcls 
035 |a urn:nbn:sk:snk-am008dqc 
040 |a SNK  |b slo  |c SNK  |e AACR2 
041 0 |a slo 
043 |a a e-cs---  |a e-xo---  |a e-xr--- 
044 |a xo  |c SK 
072 7 |a 73  |x Sochárstvo, keramika, porcelán, umelecké spracovanie kovov  |2 konspekt 
080 |a 737  |2 2001 
080 |a 737.1  |2 2001 
080 |a (437)  |2 2001 
080 |a (437.6)  |2 2001 
080 |a (437.3)  |2 2001 
080 |a (083.82)  |2 2001 
100 1 |a Valovič, Stanislav  |4 aut  |9 571682 
245 1 0 |a Numizmatický katalóg československých a slovenských mincí (1918-2014)  |c [Stanislav Valovič] 
260 |a [Piešťany]  |b AUNUM  |c 2014 
300 |a 194 s.  |b fotogr., tab.  |c 17 cm 
500 |a Miesto vyd. podľa ISBN 
504 |a Bibliogr.: s. 194 
648 7 |a 1918-2014  |2 SNKPH  |9 751647 
650 0 7 |a numizmatika  |2 SNKPH  |9 2900 
650 0 7 |a mince  |2 SNKPH  |9 2305 
650 0 7 |a Numismatics  |2 SNKPHeng  |9 268734 
650 0 7 |a Coins  |2 SNKPHeng  |9 268735 
655 7 |a katalógy  |2 SNKPH  |9 60821 
655 7 |a Catalogs  |2 SNKPHeng  |9 266059 
919 |a 978-80-970725-4-4 
958 |a NB 
999 |c 1184113  |d 1186043 
952 |a SNK  |b SNK  |y PREZ  |7 0  |p 17A1110233  |o snkSD 83232  |i snk2014/12279  |8 0  |0 0  |1 0  |4 0  |d 2014-05-26  |f 1  |l 0  |r 2025-12-04 00:00:00  |w 2026-02-24 
952 |a SNK  |b SNK  |y VYP  |7 0  |p 17A1110234  |o snkSD 83232 D1  |i snk2014/12280  |8 0  |0 0  |1 0  |4 0  |d 2014-05-26  |l 0  |r 2017-06-30 00:00:00  |w 2026-02-24